000
00321nam a22001457a 4500
999
_c
9183
_d
9183
003
OSt
008
201119b ||||| |||| 00| 0 eng d
100
_a
Gupta, S.L.
245
_a
Practical Physics
250
_a
33rd
260
_a
N.D.
_b
Pragati
_c
2018
300
_a
227
650
_a
B.Sc Non Medical
942
_2
ddc
_c
BK